000
00249nam a2200097Ia 4500
082
_a
J 508 DAVI
245
0
_a
Awesome nature
100
_a
M.I. Davids Cape Town, 2009
_9
92160
942
_c
BK
008
210817s9999 xx 000 0 und d
999
_c
374912
_d
374911